| 000 | 01101cam a22003011a 4500 | ||
|---|---|---|---|
| 001 | k 68000658 | ||
| 003 | DLC | ||
| 005 | 20260227111525.0 | ||
| 008 | 991028s1964 ko a 000 0 kor | ||
| 010 | _ak 68000658 | ||
| 035 | _a(CStRLIN)DCLP99-B11511 | ||
| 040 |
_aDLC _cDLC-R _dDLC |
||
| 043 | _aa-kr--- | ||
| 050 | 0 | 0 |
_aPN6267.K6 _bH3 |
| 066 | _c$1 | ||
| 245 | 0 | 0 |
_6880-01 _aHanʼguk yadam chŏnjip / _c[pʻyŏnjŏja taepʻyo, Paek Tae-jin, Kim Yong-je]. |
| 260 |
_6880-02 _a[Sŏul] : _bSamsŏng Chʻulpʻansa, _c[1964] |
||
| 300 |
_a10 v. : _bill. ; _c19 cm. |
||
| 505 | 0 | _a1. Koguryŏ pʻyŏn -- 2. Paekche pʻyŏn -- 3-4. Silla pʻyŏn -- 5-6. Koryŏ pʻyŏn -- 7-10. Yijo pʻyŏn. | |
| 650 | 0 | _aAnecdotes. | |
| 651 | 0 |
_aKorea _xHistory _vAnecdotes. |
|
| 700 | 1 |
_6880-03 _aPaek, Tae-jin. |
|
| 700 | 1 |
_6880-04 _aKim, Yong-je, _d1909- |
|
| 880 | 0 | 0 |
_6245-01/$1 _a韓國 野談 全集 / _c[編著者 代表・白 大鎭・金 龍濟]. |
| 880 |
_6260-02/$1 _a[서울] : _b三省 出版社, _c[1964] |
||
| 880 | 1 |
_6700-03/$1 _a白 大鎭. |
|
| 880 | 1 |
_6700-04/$1 _a金 龍濟, _d1909- |
|
| 999 |
_c35436 _d35436 |
||